[Event "Muensterland Verbandsliga 2122"]
[Site "Germany"]
[Date "2021.10.02"]
[Round "1.1"]
[White "Melkert, Tim"]
[Black "Hofene, Dieter"]
[Result "0-1"]
[WhiteElo "1916"]
[BlackElo "1983"]
[PlyCount "72"]
[EventDate "2021.??.??"]
[EventType "team"]
[EventRounds "9"]
[EventCountry "GER"]
[SourceTitle "Verband Muensterland"]
[SourceDate "2021.10.03"]
[SourceVersion "1"]
[SourceVersionDate "2021.10.03"]
[SourceQuality "1"]
[WhiteTeam "Nienberge II"]
[BlackTeam "Beelen"]
[WhiteTeamCountry "GER"]
[BlackTeamCountry "GER"]

1. e4 e6 2. d4 d5 3. Nc3 Nf6 4. e5 Nfd7 5. f4 c5 6. Nf3 Nc6 7. Be3 a6 8. Qd2 b5
9. Bd3 b4 10. Nd1 c4 11. Be2 g6 12. h4 h5 13. Nf2 c3 14. Qc1 a5 15. a4 cxb2 16.
Qxb2 Qb6 17. O-O Ba6 18. Bd3 Bxd3 19. Nxd3 Be7 20. Ng5 O-O 21. Rf3 Rfc8 22. Rg3
Nd8 23. f5 exf5 24. Nf4 Bxg5 25. Rxg5 Qc6 26. c4 bxc3 27. Qe2 Kf8 28. Rf1 Ne6
29. Nxg6+ fxg6 30. Rxg6 Nf4 31. Rxf4 Qxg6 32. Qf3 Kg7 33. Qxd5 Nf8 34. Rf1 Rab8
35. Qxa5 Rb2 36. Bg5 Qc6 0-1

[Event "Muensterland Verbandsliga 2122"]
[Site "Germany"]
[Date "2021.10.02"]
[Round "1.2"]
[White "Hanewinkel, Winfried"]
[Black "Da Costa Campos, Andre"]
[Result "1/2-1/2"]
[WhiteElo "1871"]
[BlackElo "1876"]
[PlyCount "35"]
[EventDate "2021.??.??"]
[EventType "team"]
[EventRounds "9"]
[EventCountry "GER"]
[SourceTitle "Verband Muensterland"]
[SourceDate "2021.10.03"]
[SourceVersion "1"]
[SourceVersionDate "2021.10.03"]
[SourceQuality "1"]
[WhiteTeam "Beelen"]
[BlackTeam "Nienberge II"]
[WhiteTeamCountry "GER"]
[BlackTeamCountry "GER"]

1. d4 d5 2. c4 e6 3. Nc3 Nf6 4. cxd5 exd5 5. Bg5 Be7 6. e3 O-O 7. Bd3 c6 8. Qc2
h6 9. Bxf6 Bxf6 10. Nf3 Re8 11. h3 Nd7 12. O-O Nf8 13. Rab1 a5 14. a3 Ne6 15.
b4 axb4 16. axb4 b5 17. Ne2 Qd6 18. Rfc1 1/2-1/2

[Event "Muensterland Verbandsliga 2122"]
[Site "Germany"]
[Date "2021.10.02"]
[Round "1.3"]
[White "Althoff, Franz"]
[Black "Hanewinkel, Martin"]
[Result "0-1"]
[WhiteElo "1981"]
[BlackElo "1851"]
[PlyCount "66"]
[EventDate "2021.??.??"]
[EventType "team"]
[EventRounds "9"]
[EventCountry "GER"]
[SourceTitle "Verband Muensterland"]
[SourceDate "2021.10.03"]
[SourceVersion "1"]
[SourceVersionDate "2021.10.03"]
[SourceQuality "1"]
[WhiteTeam "Nienberge II"]
[BlackTeam "Beelen"]
[WhiteTeamCountry "GER"]
[BlackTeamCountry "GER"]

1. Nf3 c5 2. e4 e6 3. Nc3 a6 4. a4 Nc6 5. d4 cxd4 6. Nxd4 Qc7 7. Be2 Nf6 8. O-O
h5 9. Nxc6 dxc6 10. a5 Bb4 11. Bd2 Bxa5 12. Ra4 b5 13. Rxa5 Qxa5 14. e5 Ng4 15.
Nxb5 Qd8 16. Nd6+ Kf8 17. Bb4 Kg8 18. Qd4 a5 19. Ra1 Ba6 20. Qf4 Bxe2 21. Qxf7+
Kh7 22. Qxh5+ Nh6 23. Qxe2 axb4 24. Rd1 Qg5 25. g3 Qg6 26. h4 Rhf8 27. Ne4 Rad8
28. Re1 Qf5 29. f3 Kh8 30. Ng5 Nf7 31. g4 Qg6 32. Nh3 Qh6 33. h5 Qd2 0-1

[Event "Muensterland Verbandsliga 2122"]
[Site "Germany"]
[Date "2021.10.02"]
[Round "1.4"]
[White "Hanewinkel, Christian"]
[Black "Van de Vyle, Jan"]
[Result "1-0"]
[WhiteElo "1756"]
[BlackElo "1771"]
[PlyCount "69"]
[EventDate "2021.??.??"]
[EventType "team"]
[EventRounds "9"]
[EventCountry "GER"]
[SourceTitle "Verband Muensterland"]
[SourceDate "2021.10.03"]
[SourceVersion "1"]
[SourceVersionDate "2021.10.03"]
[SourceQuality "1"]
[WhiteTeam "Beelen"]
[BlackTeam "Nienberge II"]
[WhiteTeamCountry "GER"]
[BlackTeamCountry "GER"]

1. e4 e5 2. Nf3 Nc6 3. Bb5 a6 4. Ba4 Nf6 5. c3 b5 6. Bc2 Be7 7. d4 d6 8. h3 O-O
9. O-O Bb7 10. Qe2 Re8 11. a4 b4 12. d5 Nb8 13. cxb4 c6 14. Nc3 Qb6 15. Qc4
cxd5 16. Nxd5 Nxd5 17. exd5 Rc8 18. Qe4 g6 19. g4 Rxc2 20. Qxc2 Bxd5 21. Qc8+
Kg7 22. Ra3 Bb7 23. Qc3 f6 24. g5 Nd7 25. gxf6+ Bxf6 26. Qd2 Kg8 27. a5 Qc6 28.
Rc3 Qe4 29. Qxd6 Qf5 30. Rd1 Nf8 31. Qd3 Qxh3 32. Qc4+ Kh8 33. Qf7 Bxf3 34.
Qxf6+ Kg8 35. Qxf3 1-0

[Event "Muensterland Verbandsliga 2122"]
[Site "Germany"]
[Date "2021.10.02"]
[Round "1.5"]
[White "Hagemann, Lars"]
[Black "Austermann, Reinhold"]
[Result "1/2-1/2"]
[WhiteElo "1724"]
[BlackElo "1764"]
[PlyCount "50"]
[EventDate "2021.??.??"]
[EventType "team"]
[EventRounds "9"]
[EventCountry "GER"]
[SourceTitle "Verband Muensterland"]
[SourceDate "2021.10.03"]
[SourceVersion "1"]
[SourceVersionDate "2021.10.03"]
[SourceQuality "1"]
[WhiteTeam "Nienberge II"]
[BlackTeam "Beelen"]
[WhiteTeamCountry "GER"]
[BlackTeamCountry "GER"]

1. e4 c5 2. Nf3 d6 3. d4 cxd4 4. Nxd4 Nf6 5. Nc3 a6 6. Be2 e6 7. Be3 b5 8. a3
Bb7 9. f3 Be7 10. O-O Nbd7 11. Qe1 O-O 12. Qf2 Rc8 13. Nb3 d5 14. exd5 Nxd5 15.
Nxd5 Bxd5 16. Bd3 Bh4 17. Qe2 Bf6 18. Bd4 Bxd4+ 19. Nxd4 Nc5 20. Rfd1 Qf6 21.
c3 Rfd8 22. Bc2 Bc4 23. Qe3 Rd5 24. f4 Rh5 25. Nf3 Rd5 1/2-1/2

[Event "Muensterland Verbandsliga 2122"]
[Site "Germany"]
[Date "2021.10.02"]
[Round "1.6"]
[White "Hofene, Josef"]
[Black "Nuerenberg, Bernd"]
[Result "1-0"]
[WhiteElo "1735"]
[BlackElo "1688"]
[PlyCount "25"]
[EventDate "2021.??.??"]
[EventType "team"]
[EventRounds "9"]
[EventCountry "GER"]
[SourceTitle "Verband Muensterland"]
[SourceDate "2021.10.03"]
[SourceVersion "1"]
[SourceVersionDate "2021.10.03"]
[SourceQuality "1"]
[WhiteTeam "Beelen"]
[BlackTeam "Nienberge II"]
[WhiteTeamCountry "GER"]
[BlackTeamCountry "GER"]

1. e4 c5 2. Nf3 Nc6 3. c3 d5 4. exd5 Qxd5 5. d4 Bg4 6. Be2 e6 7. O-O Nf6 8. h3
Bh5 9. Be3 Ne4 10. c4 Qd8 11. d5 exd5 12. cxd5 Nb8 13. Qa4+ 1-0

[Event "Muensterland Verbandsliga 2122"]
[Site "Germany"]
[Date "2021.10.02"]
[Round "1.7"]
[White "Scharlow, Siegmar"]
[Black "Schemmann, Bernhard"]
[Result "1/2-1/2"]
[WhiteElo "1677"]
[BlackElo "1834"]
[PlyCount "23"]
[EventDate "2021.??.??"]
[EventType "team"]
[EventRounds "9"]
[EventCountry "GER"]
[SourceTitle "Verband Muensterland"]
[SourceDate "2021.10.03"]
[SourceVersion "1"]
[SourceVersionDate "2021.10.03"]
[SourceQuality "1"]
[WhiteTeam "Nienberge II"]
[BlackTeam "Beelen"]
[WhiteTeamCountry "GER"]
[BlackTeamCountry "GER"]

1. d4 Nf6 2. c4 e6 3. Nc3 d5 4. cxd5 exd5 5. Bg5 Be7 6. e3 c6 7. Qc2 O-O 8. Bd3
Nbd7 9. Nf3 Re8 10. O-O Nf8 11. Rab1 a5 12. a3 1/2-1/2

[Event "Muensterland Verbandsliga 2122"]
[Site "Germany"]
[Date "2021.10.02"]
[Round "1.8"]
[White "Muth, Josef"]
[Black "Koesters, Michael"]
[Result "1/2-1/2"]
[WhiteElo "1890"]
[BlackElo "1544"]
[PlyCount "41"]
[EventDate "2021.??.??"]
[EventType "team"]
[EventRounds "9"]
[EventCountry "GER"]
[SourceTitle "Verband Muensterland"]
[SourceDate "2021.10.03"]
[SourceVersion "1"]
[SourceVersionDate "2021.10.03"]
[SourceQuality "1"]
[WhiteTeam "Beelen"]
[BlackTeam "Nienberge II"]
[WhiteTeamCountry "GER"]
[BlackTeamCountry "GER"]

1. e4 e5 2. Nf3 Nc6 3. d4 exd4 4. Bc4 h6 5. c3 dxc3 6. Nxc3 Bb4 7. O-O Bxc3 8.
bxc3 Nge7 9. a4 O-O 10. Ba3 d6 11. h3 Be6 12. Bxe6 fxe6 13. Qb3 Qc8 14. Rad1
Rf7 15. Rd2 b6 16. Nd4 Nd8 17. Rfd1 e5 18. Nf3 Ndc6 19. Ne1 Qf8 20. Nc2 a5 21.
Ne3 1/2-1/2

[Event "Muensterland Verbandsliga 2122"]
[Site "Germany"]
[Date "2021.10.02"]
[Round "1.1"]
[White "Pohl, Tim"]
[Black "Gerighausen, Karl Heinz"]
[Result "1-0"]
[WhiteElo "1901"]
[BlackElo "1724"]
[PlyCount "83"]
[EventDate "2021.??.??"]
[EventType "team"]
[EventRounds "9"]
[EventCountry "GER"]
[SourceTitle "Verband Muensterland"]
[SourceDate "2021.10.03"]
[SourceVersion "1"]
[SourceVersionDate "2021.10.03"]
[SourceQuality "1"]
[WhiteTeam "Telgte"]
[BlackTeam "Emsdetten Rochade II"]
[WhiteTeamCountry "GER"]
[BlackTeamCountry "GER"]

1. Nf3 d5 2. e4 dxe4 3. Ng5 Nf6 4. Bc4 e6 5. Nc3 Nbd7 6. Ngxe4 Nxe4 7. Nxe4 Nf6
8. Qf3 Nxe4 9. Qxe4 Bd6 10. b3 Qf6 11. Rb1 Qe5 12. f3 Qxe4+ 13. fxe4 e5 14. O-O
Rf8 15. Bb2 c6 16. a4 b6 17. c3 a6 18. Ra1 Rb8 19. d4 b5 20. axb5 axb5 21. Bd3
Kd7 22. c4 exd4 23. Bxd4 f6 24. Ra7+ Rb7 25. Rxb7+ Bxb7 26. cxb5 c5 27. Bc3 Re8
28. Re1 Be5 29. Bxe5 Rxe5 30. Kf2 Kc7 31. Ke3 Kb6 32. g3 Re7 33. Kf4 Bc8 34.
Ra1 Ra7 35. Ra4 Rxa4 36. bxa4 Ka5 37. Bc2 Kb4 38. e5 fxe5+ 39. Kxe5 h6 40. Kd6
c4 41. Kc7 Be6 42. b6 1-0

[Event "Muensterland Verbandsliga 2122"]
[Site "Germany"]
[Date "2021.10.02"]
[Round "1.2"]
[White "Luecke, Thomas"]
[Black "Pohl, Detlev"]
[Result "1/2-1/2"]
[WhiteElo "1874"]
[BlackElo "1826"]
[PlyCount "98"]
[EventDate "2021.??.??"]
[EventType "team"]
[EventRounds "9"]
[EventCountry "GER"]
[SourceTitle "Verband Muensterland"]
[SourceDate "2021.10.03"]
[SourceVersion "1"]
[SourceVersionDate "2021.10.03"]
[SourceQuality "1"]
[WhiteTeam "Emsdetten Rochade II"]
[BlackTeam "Telgte"]
[WhiteTeamCountry "GER"]
[BlackTeamCountry "GER"]

1. d4 c5 2. d5 e5 3. e4 d6 4. c4 Be7 5. Bd3 Bg5 6. h3 Bxc1 7. Qxc1 Ne7 8. Nc3
O-O 9. g4 Na6 10. Nge2 Ng6 11. Qe3 Bd7 12. O-O Qh4 13. Qg3 Qxg3+ 14. fxg3 Rab8
15. a3 Nc7 16. b4 Na6 17. b5 Nc7 18. Kg2 h6 19. a4 Ne8 20. Rfb1 Nf6 21. a5 Nh7
22. Ng1 Ne7 23. b6 a6 24. Bc2 Rbd8 25. Rf1 g6 26. Rf2 Kg7 27. Raf1 f6 28. Nd1
Rh8 29. Ne3 Rdf8 30. Ne2 Kf7 31. Nc3 Ke8 32. Ba4 Bxa4 33. Nxa4 Kd7 34. Nc3 Rf7
35. h4 Ng8 36. Ne2 Rg7 37. Kh2 Ne7 38. Kg2 Rd8 39. Kh2 Rf7 40. Kg2 Ke8 41. Nc3
Rg7 42. Rf3 Rg8 43. Kh2 h5 44. gxh5 g5 45. Ne2 g4 46. R3f2 Rf8 47. Nf5 Nxf5 48.
Rxf5 Ke7 49. Nc3 Rg8 1/2-1/2

[Event "Muensterland Verbandsliga 2122"]
[Site "Germany"]
[Date "2021.10.02"]
[Round "1.3"]
[White "Kuhlenbaeumer, Alfred"]
[Black "Wehmeier, Sven"]
[Result "0-1"]
[WhiteElo "1831"]
[BlackElo "1790"]
[PlyCount "70"]
[EventDate "2021.??.??"]
[EventType "team"]
[EventRounds "9"]
[EventCountry "GER"]
[SourceTitle "Verband Muensterland"]
[SourceDate "2021.10.03"]
[SourceVersion "1"]
[SourceVersionDate "2021.10.03"]
[SourceQuality "1"]
[WhiteTeam "Telgte"]
[BlackTeam "Emsdetten Rochade II"]
[WhiteTeamCountry "GER"]
[BlackTeamCountry "GER"]

1. e4 e5 2. Nf3 Nc6 3. Bc4 Nf6 4. O-O Be7 5. Re1 d6 6. d4 Bg4 7. d5 Nd4 8. Nbd2
Qd7 9. c3 Nxf3+ 10. Nxf3 O-O 11. Qd3 a6 12. a4 Rab8 13. a5 Bh5 14. Bg5 Bxf3 15.
Qxf3 Nxd5 16. Bxe7 Nxe7 17. Qh5 g6 18. Qh6 Kh8 19. Re3 Ng8 20. Qh4 Qe7 21. Qh3
Kg7 22. Rd1 Nf6 23. Rf1 Nh5 24. g3 f5 25. exf5 Rxf5 26. Bd3 Rf7 27. f4 Re8 28.
Be2 Nf6 29. g4 Nd5 30. Bc4 Nxf4 31. Qg3 Ne6 32. Rd1 Ref8 33. b4 Rf4 34. Bb3 Qf6
35. Bxe6 Rf1+ 0-1

[Event "Muensterland Verbandsliga 2122"]
[Site "Germany"]
[Date "2021.10.02"]
[Round "1.4"]
[White "Noering, Andreas"]
[Black "Almohammad, Abbas"]
[Result "1/2-1/2"]
[WhiteElo "1797"]
[BlackElo "1700"]
[PlyCount "40"]
[EventDate "2021.??.??"]
[EventType "team"]
[EventRounds "9"]
[EventCountry "GER"]
[SourceTitle "Verband Muensterland"]
[SourceDate "2021.10.03"]
[SourceVersion "1"]
[SourceVersionDate "2021.10.03"]
[SourceQuality "1"]
[WhiteTeam "Emsdetten Rochade II"]
[BlackTeam "Telgte"]
[WhiteTeamCountry "GER"]
[BlackTeamCountry "GER"]

1. e4 c5 2. Nf3 d6 3. d4 cxd4 4. Nxd4 Nf6 5. Nc3 a6 6. Be2 Nc6 7. Be3 e5 8. Nb3
Be6 9. O-O Be7 10. f3 O-O 11. Qd2 b5 12. a3 Bxb3 13. cxb3 Na5 14. Qd1 Rc8 15.
b4 Nc4 16. Bxc4 Rxc4 17. Qd3 Qc7 18. Rac1 Rc8 19. Nd5 Nxd5 20. Qxd5 Qc6 1/2-1/2

[Event "Muensterland Verbandsliga 2122"]
[Site "Germany"]
[Date "2021.10.02"]
[Round "1.5"]
[White "Sandmann, Sebastian"]
[Black "Colmer, Willi"]
[Result "1/2-1/2"]
[WhiteElo "1807"]
[BlackElo "1775"]
[PlyCount "74"]
[EventDate "2021.??.??"]
[EventType "team"]
[EventRounds "9"]
[EventCountry "GER"]
[SourceTitle "Verband Muensterland"]
[SourceDate "2021.10.03"]
[SourceVersion "1"]
[SourceVersionDate "2021.10.03"]
[SourceQuality "1"]
[WhiteTeam "Telgte"]
[BlackTeam "Emsdetten Rochade II"]
[WhiteTeamCountry "GER"]
[BlackTeamCountry "GER"]

1. e4 c5 2. f4 Nc6 3. Nf3 g6 4. Bb5 Bg7 5. Bxc6 bxc6 6. O-O d5 7. e5 e6 8. Nc3
Ne7 9. d3 O-O 10. Bd2 Nf5 11. Na4 Qe7 12. g4 Nh6 13. g5 Nf5 14. Qe1 Rb8 15. Qf2
Re8 16. b3 Bf8 17. Nh4 Ba6 18. Nxf5 exf5 19. c4 Kg7 20. Be3 d4 21. Bc1 Qc7 22.
Ba3 Qa5 23. Qe1 Qxe1 24. Rfxe1 Rbd8 25. Bxc5 Bxc5 26. Nxc5 Bc8 27. b4 h6 28. h4
hxg5 29. hxg5 Rh8 30. Rf1 Rh4 31. Rf2 Rdh8 32. Raf1 Rh3 33. a4 Be6 34. Rg2 R8h4
35. Rgf2 Rg4+ 36. Rg2 Rgh4 37. Rgf2 Rg4+ 1/2-1/2

[Event "Muensterland Verbandsliga 2122"]
[Site "Germany"]
[Date "2021.10.02"]
[Round "1.6"]
[White "Fehlings, Gerd"]
[Black "Brettner, Simeon"]
[Result "1-0"]
[WhiteElo "1720"]
[BlackElo "1746"]
[PlyCount "119"]
[EventDate "2021.??.??"]
[EventType "team"]
[EventRounds "9"]
[EventCountry "GER"]
[SourceTitle "Verband Muensterland"]
[SourceDate "2021.10.03"]
[SourceVersion "1"]
[SourceVersionDate "2021.10.03"]
[SourceQuality "1"]
[WhiteTeam "Emsdetten Rochade II"]
[BlackTeam "Telgte"]
[WhiteTeamCountry "GER"]
[BlackTeamCountry "GER"]

1. d4 Nf6 2. Nf3 g6 3. g3 Bg7 4. Bg2 O-O 5. O-O d5 6. c4 c6 7. Nc3 Nbd7 8. cxd5
Nxd5 9. Nxd5 cxd5 10. Bf4 e6 11. Qd2 Nf6 12. Bh6 Ne4 13. Qe3 b6 14. Bxg7 Kxg7
15. Ne5 Bb7 16. Rac1 Rc8 17. Rxc8 Qxc8 18. Rc1 Qe8 19. Rc7 Qb8 20. Rc1 Rc8 21.
Nd3 Nd6 22. Qf4 Nc4 23. Qxb8 Rxb8 24. b3 Nd6 25. e3 Rc8 26. Bf1 Ba6 27. Rxc8
Bxc8 28. Ne5 f6 29. Nc6 a5 30. f3 Bd7 31. Nb8 Be8 32. a4 Kf7 33. Na6 Ke7 34.
Nc7 Bc6 35. Nb5 Bxb5 36. Bxb5 Nxb5 37. axb5 e5 38. Kf2 exd4 39. exd4 Ke6 40.
Ke3 Kf5 41. h4 h5 42. Kd3 g5 43. Ke3 Kg6 44. Kd3 Kf7 45. Ke2 Ke7 46. Kf2 Kf7
47. Ke2 Kg7 48. Kf2 Kh6 49. Ke2 Kg6 50. Kd3 Kf5 51. Ke3 g4 52. Kf2 gxf3 53.
Kxf3 Ke6 54. g4 Kf7 55. gxh5 Kg7 56. Kf4 Kh6 57. Kf5 Kxh5 58. Kxf6 Kxh4 59. Ke5
Kg5 60. Kxd5 1-0

[Event "Muensterland Verbandsliga 2122"]
[Site "Germany"]
[Date "2021.10.02"]
[Round "1.7"]
[White "Stepa, Rainer"]
[Black "Hemmers, Dieter"]
[Result "1-0"]
[WhiteElo "1742"]
[BlackElo "1784"]
[PlyCount "115"]
[EventDate "2021.??.??"]
[EventType "team"]
[EventRounds "9"]
[EventCountry "GER"]
[SourceTitle "Verband Muensterland"]
[SourceDate "2021.10.03"]
[SourceVersion "1"]
[SourceVersionDate "2021.10.03"]
[SourceQuality "1"]
[WhiteTeam "Telgte"]
[BlackTeam "Emsdetten Rochade II"]
[WhiteTeamCountry "GER"]
[BlackTeamCountry "GER"]

1. e4 c5 2. Nf3 Nc6 3. d4 cxd4 4. Nxd4 g6 5. c3 Nf6 6. f3 Bg7 7. Be3 O-O 8. Nd2
Qc7 9. Bd3 d5 10. Nxc6 bxc6 11. Qc2 Rb8 12. O-O-O Qa5 13. Kb1 dxe4 14. fxe4 Ng4
15. Nc4 Qxc3 16. Qxc3 Bxc3 17. Bxa7 Rb7 18. Bc5 Be6 19. Rc1 Bf6 20. b3 Ra8 21.
h3 Ne5 22. Nxe5 Bxe5 23. Bc4 Bxc4 24. Rxc4 Rxb3+ 25. axb3 Ra1+ 26. Kc2 Rxh1 27.
Bxe7 Rh2 28. Rxc6 Rxg2+ 29. Kd3 Rg3+ 30. Kc4 Rxh3 31. b4 f5 32. Kd5 Kf7 33. Bc5
Bf4 34. Bd4 Rb3 35. Kc4 Rb1 36. Rf6+ Ke7 37. exf5 gxf5 38. Rxf5 Bd6 39. Bc5
Bxc5 40. Kxc5 Ke6 41. Rh5 Rc1+ 42. Kb6 Rb1 43. b5 Kd6 44. Rxh7 Rb2 45. Rh6+ Kd7
46. Rc6 Rb1 47. Rc5 Kd6 48. Rh5 Rb2 49. Kb7 Kd7 50. b6 Rb1 51. Rd5+ Ke6 52. Rd2
Ke7 53. Kc7 Rc1+ 54. Kb8 Rb1 55. b7 Rb3 56. Ra2 Kd7 57. Ka7 Kc7 58. Rc2+ 1-0

[Event "Muensterland Verbandsliga 2122"]
[Site "Germany"]
[Date "2021.10.02"]
[Round "1.8"]
[White "Bahr, Maximilian"]
[Black "Dieckmann, Werner"]
[Result "0-1"]
[WhiteElo "1739"]
[BlackElo "1759"]
[PlyCount "76"]
[EventDate "2021.??.??"]
[EventType "team"]
[EventRounds "9"]
[EventCountry "GER"]
[SourceTitle "Verband Muensterland"]
[SourceDate "2021.10.03"]
[SourceVersion "1"]
[SourceVersionDate "2021.10.03"]
[SourceQuality "1"]
[WhiteTeam "Emsdetten Rochade II"]
[BlackTeam "Telgte"]
[WhiteTeamCountry "GER"]
[BlackTeamCountry "GER"]

1. e4 e6 2. d4 d5 3. e5 c5 4. Nf3 cxd4 5. Nxd4 Nc6 6. Bb5 Bd7 7. Bxc6 bxc6 8.
O-O c5 9. Nf3 Ne7 10. Nc3 Ng6 11. Re1 Be7 12. Qe2 O-O 13. b3 Qc7 14. Bb2 Bc6
15. Rad1 Rfd8 16. Nb5 Qb7 17. a4 a6 18. Nc3 d4 19. Ne4 Nf4 20. Qd2 Bxe4 21.
Qxf4 Bxc2 22. Rd2 Bg6 23. Bc1 Qxb3 24. Rb2 Qd5 25. h4 Rab8 26. Rbe2 d3 27. Re3
Rb4 28. Qg3 Rxa4 29. Bd2 h5 30. Rb1 Rg4 31. Qh2 c4 32. Kf1 a5 33. Bc3 Bb4 34.
Bxb4 axb4 35. Nd2 c3 36. f3 Rc4 37. Nxc4 Qxc4 38. g4 d2+ 0-1

[Event "Muensterland Verbandsliga 2122"]
[Site "Germany"]
[Date "2021.10.02"]
[Round "1.2"]
[White "Lerke, Bernd"]
[Black "Fischer, Andreas"]
[Result "1/2-1/2"]
[WhiteElo "1920"]
[BlackElo "1945"]
[PlyCount "57"]
[EventDate "2021.??.??"]
[EventType "team"]
[EventRounds "9"]
[EventCountry "GER"]
[SourceTitle "Verband Muensterland"]
[SourceDate "2021.10.03"]
[SourceVersion "1"]
[SourceVersionDate "2021.10.03"]
[SourceQuality "1"]
[WhiteTeam "Nordwalde"]
[BlackTeam "Saerbeck"]
[WhiteTeamCountry "GER"]
[BlackTeamCountry "GER"]

1. Nf3 d5 2. c4 c6 3. b3 Nf6 4. Bb2 e6 5. e3 Be7 6. Be2 O-O 7. d3 Nbd7 8. O-O
Bd6 9. Nbd2 Re8 10. d4 b6 11. Ne5 Bb7 12. f4 Rc8 13. cxd5 Nxd5 14. Rf3 f6 15.
Nec4 Bb8 16. Bd3 b5 17. Rh3 Nf8 18. Qh5 h6 19. Rf1 bxc4 20. bxc4 c5 21. cxd5
Qxd5 22. Qe2 cxd4 23. Bxd4 e5 24. fxe5 Bxe5 25. Bc4 Rxc4 26. Qxc4 Qxc4 27. Nxc4
Ba6 28. Bxe5 Bxc4 29. Bd4 1/2-1/2

[Event "Muensterland Verbandsliga 2122"]
[Site "Germany"]
[Date "2021.10.02"]
[Round "1.3"]
[White "Hegemann, Eike"]
[Black "Kasubke, Manfred"]
[Result "0-1"]
[WhiteElo "1937"]
[BlackElo "1860"]
[PlyCount "98"]
[EventDate "2021.??.??"]
[EventType "team"]
[EventRounds "9"]
[EventCountry "GER"]
[SourceTitle "Verband Muensterland"]
[SourceDate "2021.10.03"]
[SourceVersion "1"]
[SourceVersionDate "2021.10.03"]
[SourceQuality "1"]
[WhiteTeam "Saerbeck"]
[BlackTeam "Nordwalde"]
[WhiteTeamCountry "GER"]
[BlackTeamCountry "GER"]

1. e4 Nf6 2. Nc3 d5 3. e5 d4 4. exf6 dxc3 5. fxe7 cxd2+ 6. Bxd2 Bxe7 7. Bd3 Bf6
8. Qh5 Qe7+ 9. Ne2 g6 10. Qf3 Nd7 11. Bc3 Bxc3+ 12. bxc3 Ne5 13. Qe3 Bg4 14.
Nd4 Nxd3+ 15. cxd3 Qxe3+ 16. fxe3 c5 17. Nb3 Rc8 18. Kd2 O-O 19. d4 c4 20. Nc5
b6 21. Ne4 f5 22. Nf2 Bh5 23. a4 g5 24. Rhb1 Be8 25. a5 b5 26. Rf1 Bc6 27. g4
f4 28. e4 b4 29. cxb4 c3+ 30. Kc2 Bb5 31. Nd3 Rc4 32. Nc5 Rxb4 33. Kxc3 Rc4+
34. Kb3 Rxd4 35. Ne6 Rxe4 36. Nxf8 Bxf1 37. Nd7 Re3+ 38. Kc2 Bb5 39. Nf6+ Kg7
40. Nd5 Re2+ 41. Kb3 Rxh2 42. Rc1 a6 43. Rc7+ Kf8 44. Rc8+ Kf7 45. Rc7+ Ke6 46.
Nc3 Bd3 47. Rc6+ Ke5 48. Rc5+ Kd4 49. Rxg5 Bc4+ 0-1

[Event "Muensterland Verbandsliga 2122"]
[Site "Germany"]
[Date "2021.10.02"]
[Round "1.4"]
[White "Hols, Bernhard"]
[Black "Bartsch, Jan"]
[Result "0-1"]
[WhiteElo "1800"]
[BlackElo "1752"]
[PlyCount "124"]
[EventDate "2021.??.??"]
[EventType "team"]
[EventRounds "9"]
[EventCountry "GER"]
[SourceTitle "Verband Muensterland"]
[SourceDate "2021.10.03"]
[SourceVersion "1"]
[SourceVersionDate "2021.10.03"]
[SourceQuality "1"]
[WhiteTeam "Nordwalde"]
[BlackTeam "Saerbeck"]
[WhiteTeamCountry "GER"]
[BlackTeamCountry "GER"]

1. d4 d5 2. c4 e6 3. Nc3 Nf6 4. Nf3 Be7 5. Bf4 O-O 6. e3 c6 7. Be2 dxc4 8. Bxc4
b5 9. Bd3 Bb7 10. O-O Nbd7 11. Qe2 b4 12. Nb1 c5 13. Nbd2 Nd5 14. Bg3 cxd4 15.
exd4 N7f6 16. Ne5 Qb6 17. Nb3 a5 18. Nc4 Qd8 19. Nc5 Ra7 20. Nxb7 Rxb7 21. Rfd1
g6 22. Be5 Ne8 23. Rac1 Nd6 24. Nxd6 Bxd6 25. Rc6 Bxe5 26. Qxe5 Qb8 27. g3 Rc7
28. Ra6 Rfc8 29. Rxa5 Rc1 30. Rxc1 Rxc1+ 31. Kg2 Qb7 32. Be4 Re1 33. Bxd5 Rxe5
34. Bxb7 Rxa5 35. b3 Kf8 36. Kf3 Ke7 37. Bc6 Rxa2 38. Bb5 Rc2 39. Ba4 Rc3+ 40.
Ke4 f6 41. d5 Kd6 42. dxe6 Kxe6 43. Bb5 f5+ 44. Kf4 Rc2 45. Ke3 Kd5 46. Be8
Rc3+ 47. Kd2 Ke6 48. Ba4 h6 49. Bb5 g5 50. Bc4+ Ke5 51. Bg8 f4 52. Bf7 fxg3 53.
fxg3 Kd4 54. Bg8 h5 55. Bf7 h4 56. gxh4 gxh4 57. Be6 Rd3+ 58. Kc2 Re3 59. Bg4
Rc3+ 60. Kb2 Ke3 61. Be6 Kf2 62. h3 Kg2 0-1

[Event "Muensterland Verbandsliga 2122"]
[Site "Germany"]
[Date "2021.10.02"]
[Round "1.6"]
[White "Schmalbrock, Andreas"]
[Black "Waltermann, Jens"]
[Result "0-1"]
[WhiteElo "1407"]
[BlackElo "1804"]
[PlyCount "74"]
[EventDate "2021.??.??"]
[EventType "team"]
[EventRounds "9"]
[EventCountry "GER"]
[SourceTitle "Verband Muensterland"]
[SourceDate "2021.10.03"]
[SourceVersion "1"]
[SourceVersionDate "2021.10.03"]
[SourceQuality "1"]
[WhiteTeam "Nordwalde"]
[BlackTeam "Saerbeck"]
[WhiteTeamCountry "GER"]
[BlackTeamCountry "GER"]

1. e4 d6 2. Bc4 Nf6 3. Nc3 c6 4. a4 d5 5. exd5 cxd5 6. Bb5+ Nc6 7. d4 a6 8.
Bxc6+ bxc6 9. Nf3 Bg4 10. h3 Bh5 11. Qd3 Bg6 12. Qe2 e6 13. O-O Be7 14. Bf4 O-O
15. Rab1 c5 16. dxc5 Bxc5 17. b4 Bd6 18. Bg5 Qc7 19. Rb3 Bxb4 20. Rxb4 Qxc3 21.
Rfb1 Qxc2 22. Qxc2 Bxc2 23. R1b2 Rfc8 24. Ne5 a5 25. Rb6 Bxa4 26. Rb7 Be8 27.
Bxf6 gxf6 28. Ng4 f5 29. Nf6+ Kg7 30. Nh5+ Kh6 31. Nf6 Kg6 32. Ng8 Rd8 33. R2b3
f4 34. Rf3 Kg7 35. Ne7 Rd7 36. Rxd7 Bxd7 37. Rxf4 Kf8 0-1